| 000 | 00560nam a2200181Ia 4500 | ||
|---|---|---|---|
| 999 |
_c1873 _d1873 |
||
| 003 | OSt | ||
| 005 | 20201001161949.0 | ||
| 008 | 190216s9999||||xx |||||||||||||| ||und|| | ||
| 020 | _a9789380428482 | ||
| 040 | _coclc | ||
| 082 |
_a346.048 _bSIN/I |
||
| 100 |
_aSingh, Anupam _95284 |
||
| 245 | 0 |
_aIntellectual Property Rights And Bio-Technology / _cAnupam Singh ; Ashwani Kumar Singh |
|
| 260 |
_bNarendra Publishing House, _c2012. _aNew Delhi: |
||
| 300 | _a260p | ||
| 650 | _aBotany | ||
| 942 |
_cBK _2ddc _iSIN/I _k346.048 _mSIN/I _h346.048 |
||